000 00605nam a2200205 u 4500
005 20240420064126.0
008 130531s2007 r 000 0 eng d
020 _a9686842853
035 _aUPN01000191477
049 _aCG
050 4 _aHD8114
_bM4.5
100 1 _aMerlo, Eduardo
_934587
245 1 1 _a¡Manos a la obra! :
_bvalor y tradición de los oficios mexicanos /
_cEduardo Merlo.
260 _aMéxico :
_bTrilce,
_c2007.
300 _a[70] p. :
_bil. col.
650 4 _aTrabajo y trabajadores
_zMéxico
_xHistoria
_910850
650 4 _aEmpleos
_911054
905 _aLibro
999 _c163580
_d163580